| 000 | 00781nam a22001817a 4500 | ||
|---|---|---|---|
| 005 | 20241001143056.0 | ||
| 010 | _aHIN-128512 | ||
| 020 |
_a9789359649481 _c200.00 |
||
| 035 | _aHN-100858 | ||
| 037 | _bDBAD | ||
| 082 | _aक | ||
| 100 |
_aजोशी, हिमांशु _972265 |
||
| 245 |
_aनई बात तथा अन्य कहानियां / _cहिमांशु जोशी |
||
| 260 |
_aनई दिल्ली _bडायमंड पॉकेट बुक्स _c2023 |
||
| 270 |
_aX-30, ओखला इंडस्ट्रियल एरिया, फेज-2 _bनई दिल्ली _e110020 _k011-40712200 _msales@dpb.in |
||
| 300 |
_a135 पृ. _c22 सेमी (अजिल्द) |
||
| 942 |
_cHN _2ddc _hक _mजोशीहि |
||
| 999 |
_c206052 _d206052 |
||